Noms anglais d'objets en images #2 - Statistiques

Statistiques générales
  • Ce quiz a été pris 855 fois
  • Le résultat moyen est 4 sur 20
Statistiques - réponses
Par images Réponse % Correct
Bench
87%
Hairdryer
56%
Switch
41%
Plaster (UK) / Band-Aid (US)
35%
Diaper
34%
Scooter
25%
Piggy bank
22%
Drill
19%
Lawnmower
19%
Peeler
15%
Tweezers
12%
Safety pin
11%
Wrench
11%
Corkscrew
7%
Inflatable buoy
7%
Wheelbarrow
7%
Colander
6%
Funnel
6%
Pitchfork
4%
Shuttlecock
4%
Aucun quiz correspondant
Distribution des résultats
% des personnes avec chaque résultat
Percentile par nombre de réponses
Votre historique - résultats
Vous n’avez pas pris ce quiz